Statistics for Taylor Swift - it's time to go Lyrics

Click here to take the quiz!

General Stats

  • This quiz has been taken 52 times
  • The average score is 332 of 373

Answer Stats

Answer% Correct
go
100%
I
100%
is
100%
it
100%
it's
100%
know
100%
right
100%
So
100%
Sometimes
100%
The
100%
the
100%
then
100%
Then
100%
thing
100%
time
100%
to
100%
when
100%
When
100%
You
100%
you
100%
a
97%
me
97%
strong
97%
up
97%
giving
93%
he
93%
on
93%
that
93%
That
93%
And
90%
and
90%
in
90%
ask
86%
at
86%
brave
86%
cold
86%
dinner
86%
of
86%
one
86%
run
86%
who
86%
all
83%
back
83%
But
83%
come
83%
familiar
83%
for
83%
gets
83%
He's
83%
he's
83%
I've
83%
Not
83%
not
83%
nothing
83%
old
83%
out
83%
son
83%
soul
83%
why
83%
will
83%
years
83%
your
83%
ache
79%
body
79%
boss
79%
fifteen
79%
Fifteen
79%
find
79%
friends
79%
gave
79%
left
79%
like
79%
little
79%
Look
79%
million
79%
my
79%
sister
79%
snaps
79%
tears
79%
whispers
79%
Begging
76%
break
76%
breaks
76%
dreams
76%
each
76%
fact
76%
got
76%
hearts
76%
his
76%
how
76%
job
76%
kids
76%
knees
76%
other
76%
palace
76%
same
76%
she
76%
sits
76%
spot
76%
stay
76%
tab
76%
throne
76%
'til
76%
trying
76%
Twenty
76%
twin
76%
walking
76%
was
76%
yours
76%
bones
72%
chatter
72%
from
72%
moment
72%
Now
72%
only
72%
past
72%
what
72%
words
72%
worse
72%
again
69%
behind
69%
bled
69%
caught
69%
frozen
69%
glass
69%
keeping
69%
their
69%
wondered
69%
crook
66%
greed
66%
insisting
66%
just
66%
Or
66%
Praying
66%
She's
66%
seemed
62%
prove
59%

Score Distribution

Percentile by Number Answered

Percent of People with Each Score

Your Score History

You have not taken this quiz